• 首页
  • 本馆介绍
  • 公告通知
  • 最新文献
  • 馆藏检索
  • 电子资源
  • 读者导购
  • 参考咨询
  • 我的图书馆
  • 登录
  • 详细信息显示
  • 放入我的书架
  • 预约/预借图书
  • 作者相关作品
  • 分类相关作品
  • 丛书相关作品
  • 出版社相关作品

书目信息

  • 表格格式
  • 工作单格式
  • 卡片格式
题名:
高浓度大流量管输充填技术与工艺
    
 
作者: 姚维信 著
分册:  
出版信息: 北京   科学出版社  2014.03
页数: 18,398页
开本: 24cm
丛书名: 特大型镍矿充填法开采技术著作丛书
单 册:
中图分类: TD864 , TD864
科图分类:
主题词: 超大型矿床--镍矿床--金属矿开采--充填法 , 超大型矿床 , 镍矿床 , 金属矿开采 , 充填法
电子资源:
ISBN: 978-7-03-040249-3
000 01409oam2 2200337 450
001 0120141271816
005 20170324112648.90
010    @a978-7-03-040249-3@dCNY135.00
100    @a20140415d2014 em y0chiy0110 ea
101 0  @achi
102    @aCN@b110000
105    @aak z 000yy
106    @ar
200 1  @a高浓度大流量管输充填技术与工艺@9gao nong du da liu liang guan shu chong tian ji shu yu gong yi@f姚维信[等]著
210    @a北京@c科学出版社@d2014.03
215    @a18,398页@c图@d24cm
225 2  @a特大型镍矿充填法开采技术著作丛书@v3
304    @a著者还有:姚中亮,刘洲基,莫亚斌,邓代强,王正辉
330    @a本书主要介绍金川特大镍矿充填系统和充填技术以及科研成果与技术改造。首先,概述了金川矿山充填技术的发展历程;然后,详细介绍了金川镍矿的充填系统、充填技术与工艺以及工程应用。最后概述了金纯镍矿目前的充填技术存在的主要问题及发展方向,尤其对粗骨料充填技术、大流量充填系统等进行了介绍及工业运用展望。
333    @a采矿、地质、流体力学和土木工程等领域从事矿山充填设计、生产管理、科学研究的科研人员,从事采矿教学的高校教师
461  0 @12001 @a特大型镍矿充填法开采技术著作丛书@v3
606 0  @a超大型矿床@x镍矿床@x金属矿开采@x充填法
606 0  @a超大型矿床
606 0  @a镍矿床
606 0  @a金属矿开采
606 0  @a充填法
690    @aTD864@v5
690    @aTD864@v4
701  0 @a姚维信@9yao wei xin@4著
801  0 @aCN@b人天书店@c20140415
905    @b980420-22@dTD864@e40@f3
    
    高浓度大流量管输充填技术与工艺/姚维信[等]著.-北京:科学出版社,2014.03
    18,398页:图;24cm.-(特大型镍矿充填法开采技术著作丛书;3)
    使用对象:采矿、地质、流体力学和土木工程等领域从事矿山充填设计、生产管理、科学研究的科研人员,从事采矿教学的高校教师
    
    ISBN 978-7-03-040249-3:CNY135.00
    本书主要介绍金川特大镍矿充填系统和充填技术以及科研成果与技术改造。首先,概述了金川矿山充填技术的发展历程;然后,详细介绍了金川镍矿的充填系统、充填技术与工艺以及工程应用。最后概述了金纯镍矿目前的充填技术存在的主要问题及发展方向,尤其对粗骨料充填技术、大流量充填系统等进行了介绍及工业运用展望。
●
相关链接 在E读中查询图书 在五车中查询图书 在当当中查询图书 在豆瓣中查询图书


正题名:高浓度大流量管输充填技术与工艺     索取号:TD864/40         预约/预借

序号 登录号 条形码 馆藏地/架位号 状态 备注
1 980420   209804201   第二样本阅览室/ [索取号:TD864/40] 在馆    
2 980421   209804210   第三借阅区/ [索取号:TD864/40] 在馆    
3 980422   209804229   化学系资料室/ [索取号:TD864/40] 在馆    
唐山师范学院图书馆 欢迎您!
大连网信软件有限公司© 版权所有